000 00339nam a2200145Ia 4500
008 230718s9999 xx 000 0 und d
041 _aEng.
082 _a421
_bBEY-I
100 _aBeynon-Davies paul
245 0 _aInirodu Cuion int Syria
260 _aPakistan
_bOxford in Press
_c2003
300 _a635
650 _aLaw
999 _c26096
_d26096